| 000 | 01470cad a22002895a 4500 | ||
|---|---|---|---|
| 001 | L145325 | ||
| 008 | 080929e20080925xxka f s 000 0 eng d | ||
| 035 | _a(Sirsi) u145325 | ||
| 041 | 0 | _aeng | |
| 050 | 0 | 4 | _a333.332 $2 18 |
| 100 | 1 | _aEves, Chris | |
| 111 | 2 |
_aRICS Roots Rural Research Conference _cTrinity College, Oxford _d17-18 March 2008 |
|
| 245 | 0 | 2 |
_aA comparison of farmland returns in Australia, Canada, New Zealand and United States _h[electronic resource] |
| 260 |
_aLondon _bRICS _c2008 |
||
| 505 | 2 | _aMethodology and data -- Results and analysis -- Return to farmland ownership | |
| 520 | _aThis conference paper looks at rural land as a property asset class and carries out a detailed analysis of rural production and land prices in Australia, Canada, New Zealand and the United States. The period covered is 1990-2005 and the authors compare capital returns and total returns perfomance, allowing for a comparison between farm land returns for both subsidised and non-subsidised policies. | ||
| 521 | _aAdvanced | ||
| 590 | _aKA | ||
| 651 | 4 | _aAustralia | |
| 651 | 4 | _aCanada | |
| 651 | 4 |
_aNew Zealand _y1947- |
|
| 651 | 4 |
_aUnited States _y1959- |
|
| 690 | _aPROPERTY-RURAL AND NATURAL ASSETS-AGRICULTURAL PROPERTY | ||
| 700 | 1 | _aPainter, Marv | |
| 856 | 4 | 0 |
_uhttps://www.researchgate.net/publication/38183736_A_comparison_of_farmland_returns_in_Australia_Canada_New_Zealand_and_United_States _zAvailable on ResearchGate |
| 942 |
_n0 _2ddc |
||
| 999 |
_c108759 _d108759 |
||